| 000 | 00446nam a22001577a 4500 | ||
|---|---|---|---|
| 005 | 20240724142645.0 | ||
| 008 | 240724b |||||||| |||| 00| 0 eng d | ||
| 041 | _aEnglsih | ||
| 082 | _a349 SOU | ||
| 100 | _lEnglish | ||
| 245 | _aThe South African Law Reports | ||
| 260 |
_aCape Town : _bJuta and Company Ltd, _c1928 |
||
| 300 |
_bix, 490 pages; _c25 cm. |
||
| 650 |
_aLegal practice _bLaw |
||
| 942 |
_cBK _6ALISON_BN_VRIES |
||
| 999 |
_c2258 _d2258 |
||